[Event "Mecklenburg VP Verbandsliga 2122"]
[Site "Mecklenburg VP"]
[Date "2022.04.03"]
[Round "8.4"]
[White "Haase, Sebastian"]
[Black "Celmer, Ole"]
[Result "1/2-1/2"]
[WhiteElo "1857"]
[BlackElo "1930"]
[PlyCount "33"]
[EventDate "2021.10.24"]
[EventType "team-tourn"]
[EventRounds "9"]
[EventCountry "GER"]
[SourceTitle "EXT 2024"]
[Source "ChessBase"]
[SourceDate "2023.10.10"]
[SourceVersion "1"]
[SourceVersionDate "2023.10.10"]
[SourceQuality "1"]
[WhiteTeam "Grevesmuehlen Blau Weiss"]
[BlackTeam "Think Rochade"]
[WhiteTeamCountry "GER"]
[BlackTeamCountry "GER"]

1. d4 Nf6 2. Bf4 d5 3. Nf3 c5 4. c3 Nc6 5. e3 Qb6 6. Qb3 c4 7. Qxb6 axb6 8. Nbd2 b5 9. Be2 b4 10. 0-0 Bf5 11. Nh4 e6 12. Nxf5 exf5 13. a3 bxc3 14. bxc3 Rxa3 15. Rxa3 Bxa3 16. Ra1 Be7 17. Rb1 1/2-1/2

[Event "Mecklenburg VP LL 1617"]
[Site "Mecklenburg VP"]
[Date "2016.11.20"]
[Round "3.7"]
[White "Troyke, Jannis"]
[Black "Haase, Sebastian"]
[Result "1/2-1/2"]
[WhiteElo "1710"]
[BlackElo "1726"]
[PlyCount "95"]
[EventDate "2016.10.16"]
[EventType "team-tourn"]
[EventRounds "9"]
[EventCountry "GER"]
[SourceTitle "EXT 2022"]
[Source "ChessBase"]
[SourceDate "2021.10.06"]
[SourceVersion "1"]
[SourceVersionDate "2021.10.06"]
[SourceQuality "1"]
[WhiteTeam "Greifswald II"]
[BlackTeam "Grevesmuehlen Blau Weiss"]
[WhiteTeamCountry "GER"]
[BlackTeamCountry "GER"]

1. e4 c5 2. Nf3 e6 3. d4 cxd4 4. Nxd4 a6 5. Bd3 Bc5 6. Be3 Qb6 7. Bc4 Ne7 8. 0-0 e5 9. Nf5 Nxf5 10. exf5 Bxe3 11. fxe3 Qxe3+ 12. Kh1 Qc5 13. Nd2 d5 14. Bb3 Nc6 15. Nf3 d4 16. Ng5 Nd8 17. Qh5 Qe7 18. Rae1 h6 19. Ne4 Bxf5 20. Qxf5 0-0 21. Rf3 Nc6 22. Rg3 Kh8 23. Qg4 f5 24. Qe2 fxe4 25. Qxe4 Rf4 26. Qxf4 exf4 27. Rxe7 Nxe7 28. Rd3 Nc6 29. Bd5 Rd8 30. Bxc6 bxc6 31. c3 c5 32. Kg1 g5 33. Kf2 g4 34. Rd1 Kg7 35. c4 Re8 36. h3 h5 37. b4 cxb4 38. Rxd4 Re5 39. Rxf4 gxh3 40. gxh3 a5 41. Rf3 Rc5 42. Rf4 a4 43. Ke3 Kg6 44. h4 Re5+ 45. Kd3 Re1 46. Rf2 Rh1 47. Rb2 Rh3+ 48. Kd4 1/2-1/2

[Event "Mecklenburg VP VL 1516"]
[Site "Mecklenburg VP"]
[Date "2015.11.15"]
[Round "3.7"]
[White "Pamperin, Gerhard"]
[Black "Haase, Sebastian"]
[Result "1/2-1/2"]
[WhiteElo "1765"]
[BlackElo "1731"]
[PlyCount "69"]
[EventDate "2015.09.20"]
[EventType "team-tourn"]
[EventRounds "9"]
[EventCountry "GER"]
[SourceTitle "EXT 2022"]
[Source "ChessBase"]
[SourceDate "2021.10.06"]
[SourceVersion "1"]
[SourceVersionDate "2021.10.06"]
[SourceQuality "1"]
[WhiteTeam "Schwerin SF IV"]
[BlackTeam "Grevesmuehlen Blau Weiss"]
[WhiteTeamCountry "GER"]
[BlackTeamCountry "GER"]

1. d4 Nf6 2. Nf3 d6 3. c4 g6 4. Nc3 Bg7 5. e3 0-0 6. Bd3 Nbd7 7. 0-0 e5 8. dxe5 dxe5 9. Qc2 c6 10. Rd1 Qe7 11. e4 a5 12. Be2 h6 13. h3 Nc5 14. Be3 Nh5 15. Qd2 Kh7 16. Qd6 Qxd6 17. Rxd6 Ne6 18. g3 Nd4 19. Nxd4 exd4 20. Bxd4 Bxd4 21. Rxd4 Bxh3 22. g4 Nf4 23. Bf3 h5 24. gxh5 Nxh5 25. Bxh5 gxh5 26. f4 Rad8 27. Rad1 Rxd4 28. Rxd4 Rg8+ 29. Kh2 Bf1 30. c5 Rg2+ 31. Kh1 Rxb2 32. Kg1 Bh3 33. f5 Rc2 34. Nd1 Rxc5 35. Nf2 1/2-1/2

[Event "Mecklenburg VP VL 1112"]
[Site "Mecklenburg VP"]
[Date "2011.10.02"]
[Round "1.8"]
[White "Haase, Sebastian"]
[Black "Kriese, Ralf"]
[Result "1/2-1/2"]
[WhiteElo "1660"]
[BlackElo "1731"]
[PlyCount "62"]
[EventDate "2011.10.02"]
[EventType "team-tourn"]
[EventRounds "9"]
[EventCountry "GER"]
[SourceTitle "EXT 2022"]
[Source "ChessBase"]
[SourceDate "2021.10.06"]
[SourceVersion "1"]
[SourceVersionDate "2021.10.06"]
[SourceQuality "1"]
[WhiteTeam "Grevesmuehlen Blau Weiss"]
[BlackTeam "Greifswald II"]
[WhiteTeamCountry "GER"]
[BlackTeamCountry "GER"]

1. d4 d5 2. c4 e6 3. Nf3 Nf6 4. Bf4 Be7 5. e3 Nbd7 6. Nc3 0-0 7. c5 c6 8. b4 Nh5 9. Bg3 Nxg3 10. hxg3 Bf6 11. Bd3 g6 12. e4 dxe4 13. Nxe4 Bg7 14. Rc1 Nf6 15. Nxf6+ Bxf6 16. Bc4 b6 17. Qd2 Bg7 18. Qf4 a5 19. bxa5 bxc5 20. dxc5 Qxa5+ 21. Qd2 Qxc5 22. 0-0 Qe7 23. Qe2 Rd8 24. Rfd1 Bb7 25. Ne5 Bxe5 26. Qxe5 Rxd1+ 27. Rxd1 Ba6 28. Bb3 Bb5 29. Rc1 Rc8 30. Rc5 Qc7 31. Qc3 Qd7 1/2-1/2

[Event "Mecklenburg VP VL 1011"]
[Site "Mecklenburg VP"]
[Date "2011.02.27"]
[Round "7.8"]
[White "Haase, Sebastian"]
[Black "Pererva, Viktor"]
[Result "0-1"]
[WhiteElo "1714"]
[BlackElo "1780"]
[PlyCount "72"]
[EventDate "2010.10.10"]
[EventType "team-tourn"]
[EventRounds "9"]
[EventCountry "GER"]
[SourceTitle "EXT 2022"]
[Source "ChessBase"]
[SourceDate "2021.10.06"]
[SourceVersion "1"]
[SourceVersionDate "2021.10.06"]
[SourceQuality "1"]
[WhiteTeam "Grevesmuehlen Blau Weiss"]
[BlackTeam "Rostock SSC 07 II"]
[WhiteTeamCountry "GER"]
[BlackTeamCountry "GER"]

1. d4 d5 2. c4 c6 3. Nf3 Nf6 4. Nc3 e6 5. Bf4 Nbd7 6. c5 b6 7. b4 Ba6 8. Qa4 Qc8 9. h3 Be7 10. Ne5 Nxe5 11. Bxe5 0-0 12. Qc2 Nd7 13. Bh2 Bf6 14. e3 Bxf1 15. Kxf1 a5 16. bxa5 bxc5 17. dxc5 Qa6+ 18. Kg1 Qxa5 19. Rc1 Qxc5 20. Ne4 Qxc2 21. Nxf6+ gxf6 22. Rxc2 c5 23. g4 e5 24. f4 Ra3 25. Kf2 Rfa8 26. Ra1 d4 27. exd4 exd4 28. Kg2 d3 29. Rd2 c4 30. Kf2 Nc5 31. Ke3 c3 32. Rdd1 Rxa2 33. Rxa2 Rxa2 34. Bg3 Re2+ 35. Kd4 c2 36. Ra1 Nb3+ 0-1